000 00831nas a2200277 4500
001 BR0808423
003 BR-BrBNA
005 20231205112848.0
007 ta
008 230509b bl.|||p| |||| 00| 00por d
040 _aBR-BrBNA
_bpor
_cBiblioteca Nacional de Agricultura
041 _a(Pt)
072 _aL73
100 1 _aDuarte, R.
100 1 _aNiero, R.
100 1 _aDoretto, J.S.
100 1 _aManzan, R.M.
100 1 _aKogika, M.M.
245 1 _aEritrocitose associada a tumor venéreo transmissível em cão: relato de caso
650 _aCÃO
650 _aDOENÇA ANIMAL
650 _aTUMOR
773 0 _tArquivo Brasileiro de Medicina Veterinária e Zootecnia (Brazil)
_xISSN 0102-0935
_g(Dec 2006), v. 58(6) p. 1020-1023
_wBR0808423
909 _a202311
_bLúcia
_c55
_dLúcia Elande
942 _2AGRIS
_n0
_cANA
999 _c200455
_d200455